000 00836nam a2200253Ia 4500
003 OSt
005 20220927103133.0
006 a|||||r|||| 00| 0
007 ta
008 220926b |||||||| |||| 00| 0 eng d
024 _a38670
037 _cReference Collections
040 _aRTL
_cRTL
_beng
041 _2eng
_aeng
082 _a"X:77.1.N7, M0/UN"
110 _a"United Nations, International Economic and Social Affairs"
_9353427
245 0 _aShaping accelerated development and international changes
260 _aNew
_bYork United Nations USA
_c1980
300 _a"vi, 45p."
_ccm.
650 _aEconomic Development
700 _a"United Nations, International Economic and Social Affairs"
_9353428
942 _h"X:77.1.N7, M0/UN"
_cCC
999 _c680753
_d680753